风洲省份 - Statistics

General Stats
  • This quiz has been taken 7 times
  • The average score is 11 of 22
Answers on the Map
Answers color-coded by a green-red scale on the quiz's map according to % correct below.
 
Answer Stats
省份名 % Correct
陵西
75%
岭西
75%
陵东
50%
月云
50%
殷枫
50%
白云
50%
海陵
50%
终海
50%
山南
50%
古月
50%
新月
50%
蓝关
50%
北渊
50%
东沂
50%
锦江
50%
浪岭
50%
方北
50%
霜北
50%
终沙
50%
荆洲
50%
浪坪
50%
向落
25%
No matching quizzes found
Score Distribution
Percent of People with Each Score
Percentile by Number Answered
Your Score History
You have not taken this quiz